| 000 | 00489 a2200157 4500 | ||
|---|---|---|---|
| 001 | 92109 | ||
| 082 | _a923.555491 ABD | ||
| 090 |
_c44073 _d44072 |
||
| 100 | _aAbdul Majid Malik, Lt Gen (Retd) | ||
| 245 |
_aHum Bhi Wahan Mojood thay; Dastan e hayat _cAbdul Majeed Malik Lt Gen (R) |
||
| 250 | _a1 | ||
| 260 |
_aLahore _bSang e Meel Publications _c2015 |
||
| 300 |
_a368p. _bHb |
||
| 500 | _aGeneral Book | ||
| 740 |
_aWe were there too - story of a life _hautobiography- soldier |
||
| 942 |
_aCAE NUST _k923.555491 ABD |
||
| 999 |
_c327182 _d327182 |
||